| 000 | 01144nam0a22002891 4500 | ||
|---|---|---|---|
| 001 | rc\3254427 | ||
| 005 | 20250609200142.0 | ||
| 021 |
_aRU _b[70-28532ж] |
||
| 035 | _a(NLR Aleph) 007480848 | ||
| 090 |
_a7514842 _c7514842 |
||
| 100 | _a20130115d1970 |||y0rusy50 ca | ||
| 101 | 0 | _arus | |
| 102 | _aRU | ||
| 105 | _aa z ||||| | ||
| 200 | 1 |
_aФизика и математика _e[Сборник статей _fРед. коллегия: и. о. доц. Н.Т. Гаврик (отв. ред.) и др.] |
|
| 210 |
_aНовосибирск _cБ. и. _d1970 |
||
| 215 |
_a122 с. _cчерт. _d20 |
||
| 225 | 1 |
_aМинистерство просвещения РСФСР. Новосибирский государственный педагогический институт. Научные труды _vВып. 34 |
|
| 320 | _aБиблиогр. в конце статей | ||
| 606 |
_aМатематика _jСборники _2psbo |
||
| 606 |
_aФизика _jСборники _2psbo |
||
| 702 | 1 |
_aГаврик _bН.Т. _4340 |
|
| 801 | 0 |
_aRU _bNLR _gpsbo |
|
| 801 | 1 |
_aRU _bELAR _2rusmarc |
|
| 852 |
_aNLR _jП28/404 |
||
| 942 | _cBOOK | ||
| 980 | _aNB | ||